A szállodai rendezvényszervezés szerepe és kihívásai A corporate rendezvények hatékonyságának növelési lehetőségei az InterContinental Budapest Hotel példáján keresztül

Bibliográfiai részletek
Szerző: Mravik Anna
További közreműködők: Bártfai Endre György
Dokumentumtípus: Diplomadolgozat
Kulcsszavak:fenntarthatóság
rendezvényszervezés
szállodai rendezvények
szállodaipar
vállalati szakmai rendezvények
Online Access:http://dolgozattar.uni-bge.hu/59496

MARC

LEADER 00000nta a2200000 i 4500
001 dolg59496
005 20260409145137.0
008 260409suuuu hu om 000 hun d
040 |a BGE Dolgozattár Repozitórium  |b hun 
041 |a hu 
100 1 |a Mravik Anna 
245 1 2 |a A szállodai rendezvényszervezés szerepe és kihívásai  |b A corporate rendezvények hatékonyságának növelési lehetőségei az InterContinental Budapest Hotel példáján keresztül  |c Mravik Anna  |h [elektronikus dokumentum] 
520 3 |a A corporate rendezvények napjaink üzleti életének meghatározó elemei. Ezek az események lehetőséget biztosítanak a különböző szakterületek képviselőinek, hogy személyesen találkozzanak, megosszák egymással tapasztalataikat, tudásukat, és közös megoldásokat keressenek az aktuális kihívásokra. E rendezvények révén nemcsak a vállalatok működése válik hatékonyabbá, hanem a szállodai szektor szereplői számára is új lehetőségeket teremtenek a növekedésre, fejlődésre. Dolgozatom célja tehát annak feltérképezése, hogy milyen tényezők járulnak hozzá egy üzleti rendezvény sikeréhez, és ezek hogyan befolyásolják a szálloda működését és jövőjét. A kutatás a szállodai rendezvényszervezés komplex világát vizsgálja az InterContinental Budapest példáján keresztül, különös figyelmet fordítva arra, hogyan képes a szálloda hatékonyan lebonyolítani üzleti rendezvényeket, illetve hogyan növelheti ezáltal bevételeit és vendégkörét. A vizsgálat célja továbbá, hogy feltárja, milyen szerepet játszik a rendezvényszervezés a versenyképesség fenntartásában, milyen stratégiákat alkalmaz a szálloda annak érdekében, hogy kiemelkedjen a budapesti piacon, és miként reagál a folyamatosan változó környezeti, technológiai és társadalmi elvárásokra. 
695 |a fenntarthatóság 
695 |a rendezvényszervezés 
695 |a szállodai rendezvények 
695 |a szállodaipar 
695 |a vállalati szakmai rendezvények 
700 1 |a Bártfai Endre György  |e ths 
856 4 0 |u http://dolgozattar.uni-bge.hu/59496/1/Szakdolgozat%20-%20Mravik%20Anna.pdf  |z Dokumentum-elérés 
856 4 0 |u http://dolgozattar.uni-bge.hu/59496/2/Titkos%C3%ADt%C3%A1si%20k%C3%A9relem_Mravik%20Anna.pdf  |z Dokumentum-elérés 
856 4 0 |u http://dolgozattar.uni-bge.hu/59496/3/Mravik%20Anna_konzulens_B%C3%A1rtfai%20Endre.pdf  |z Dokumentum-elérés 
856 4 0 |u http://dolgozattar.uni-bge.hu/59496/4/Mravik%20Anna_opponensi_Zsida%20L%C3%A1szl%C3%B3.pdf  |z Dokumentum-elérés